Hairspray- Good Morning Baltimore lyrics - Statistics

General Stats
  • This quiz has been taken 69 times
  • The average score is 235 of 365
Answer Stats
Answer % Correct
a
96%
go
96%
I
96%
the
96%
good
94%
Baltimore
92%
morning
92%
do
90%
me
90%
to
90%
way
86%
day
84%
so
84%
who
84%
an
82%
like
80%
Oh
80%
oh
80%
up
80%
every
78%
that
78%
always
76%
and
75%
feeling
75%
my
75%
today
75%
woke
75%
door
73%
some
73%
can
71%
for
71%
is
71%
it's
71%
beat
69%
hear
69%
open
67%
then
67%
when
67%
you
67%
can't
65%
eat
65%
on
65%
see
63%
something
63%
day's
61%
hungry
61%
star
59%
town
59%
of
57%
wake
57%
down
55%
from
55%
love
55%
start
55%
symphony
55%
world
55%
dance
53%
above
51%
hair
51%
message
51%
night
51%
rhythm
51%
take
51%
they
51%
all
49%
calling
49%
fantasy
49%
high
49%
I'm
49%
look
49%
sound's
49%
gonna
47%
street
47%
world's
47%
at
45%
floor
45%
rats
45%
feet
43%
starts
43%
what
43%
with
43%
bar
41%
compare
41%
lives
41%
mine
41%
next
41%
say
41%
school
41%
stool
41%
Tracy
41%
will
41%
flasher
39%
around
37%
ma
37%
room
37%
there's
37%
don't
35%
I've
35%
ready
35%
hairspray
33%
luck
33%
no
33%
seem
33%
true
33%
wish
33%
cause
31%
got
31%
one
31%
out
31%
pulling
31%
radio
31%
streets
31%
where
31%
come
29%
dreams
29%
hold
29%
know
29%
move
29%
smiles
29%
before
27%
bum
27%
his
27%
inside
27%
step
27%
belong
25%
dead
25%
drop
25%
movie
25%
place
25%
promise
25%
song
25%
those
25%
back
24%
lights
24%
make
24%
more
22%
someday
22%
ahead
20%
but
20%
life
20%
party
20%
shining
20%
someone
20%
wait
20%
chance
18%
groove
18%
heart
18%
give
16%
invite
16%
makes
16%
she
16%
tells
16%
drummer
14%
drops
12%
moment
12%
No matching quizzes found
Score Distribution
Percent of People with Each Score
Percentile by Number Answered
Your Score History
You have not taken this quiz